000
00225 a2200109 4500
020
_a
9789707101906
041
_a
spa
100
_a
Maria de Lourdes Victoria MUNGUIRA
245
_a
Les Dejo el Mar
942
_c
BK
952
_7
1
999
_c
23658
_d
23658